[Event "BL 8788 Zehlendorf-Bamberg"]
[Site "?"]
[Date "1988.??.??"]
[Round "?.3"]
[White "Hartmann, G."]
[Black "Cladouras, P."]
[Result "0-1"]
[WhiteElo "2330"]
[BlackElo "2365"]
[PlyCount "99"]
[EventDate "1988.??.??"]

1. e4 c5 2. Nf3 Nc6 3. d4 cxd4 4. Nxd4 g6 5. Nc3 Bg7 6. Be3 Nf6 7. Bc4 O-O 8.
O-O d6 9. h3 Bd7 10. Bb3 Na5 11. Qd3 a6 12. f4 Nxb3 13. axb3 e5 14. Nde2 Bc6
15. Rad1 Qa5 16. Qxd6 Rfd8 17. Qe7 Re8 18. b4 Rxe7 19. bxa5 Nxe4 20. f5 Nxc3
21. Nxc3 gxf5 22. Rxf5 Rd7 23. Rdf1 Re8 24. h4 Re6 25. h5 h6 26. g4 f6 27. Kh2
Kf7 28. g5 hxg5 29. Bxg5 Rd8 30. h6 Rh8 31. Kg3 Rxh6 32. Bxh6 Bxh6 33. Rd1 Kg6
34. Kg4 Bf8 35. Rff1 Rd6 36. Rxd6 Bxd6 37. Rd1 f5+ 38. Kh3 Be7 39. Nd5 Bg5 40.
c4 f4 41. Kg4 Bd7+ 42. Kf3 Ba4 43. Re1 Kf5 44. b4 Bb3 45. Nb6 Bc2 46. b5 e4+
47. Kg2 e3 48. Nd5 Bd3 49. bxa6 bxa6 50. Nb6 {Zeit} 0-1

[Event "BL 8788 Zehlendorf-Bamberg"]
[Site "?"]
[Date "1988.??.??"]
[Round "?.4"]
[White "Vogel, R."]
[Black "Meister, P."]
[Result "1/2-1/2"]
[WhiteElo "2385"]
[BlackElo "2370"]
[PlyCount "113"]
[EventDate "1988.??.??"]

1. d4 e6 2. e4 d5 3. Nc3 Nc6 4. Nf3 Nf6 5. e5 Ne4 6. Bd3 Bb4 7. O-O Nxc3 8.
bxc3 Bxc3 9. Rb1 h6 10. Ba3 a5 11. Bb5 Bd7 12. Bc1 Bb4 13. a3 Be7 14. Ne1 a4
15. Qg4 Kf8 16. Nf3 Na5 17. Bd3 b6 18. Nd2 c5 19. c4 h5 20. Qf3 Nc6 21. Bb2
cxd4 22. Rfe1 Ra5 23. cxd5 Rxd5 24. Nc4 Be8 25. Qf4 b5 26. Nd6 Bxd6 27. exd6
Qxd6 28. Qxd6+ Rxd6 29. Bxb5 Na5 30. Bd3 f6 31. Rbc1 Bc6 32. Be4 d3 33. Bc3
Bxe4 34. Rxe4 Nb3 35. Rd1 Kf7 36. Rxa4 Rc8 37. Bb4 Rdc6 38. Ra7+ Kg6 39. Rd7 d2
40. Bxd2 Nxd2 41. R7xd2 Rc2 42. Rxc2 Rxc2 43. Ra1 Kf5 44. a4 Rc6 45. a5 Ra6 46.
Kf1 Ke5 47. Ke2 Kd5 48. Kd3 Kc5 49. Rc1+ Kb5 50. Rc7 g5 51. Rf7 Kc5 52. Rxf6
Kd6 53. Rh6 h4 54. Ke4 Rxa5 55. Rf6 Ra4+ 56. Kf3 Ke5 57. Rf8 1/2-1/2

[Event "BL 8788 Zehlendorf-Bamberg"]
[Site "?"]
[Date "1988.??.??"]
[Round "?.5"]
[White "Kurz, A."]
[Black "Rahls, P."]
[Result "1-0"]
[WhiteElo "2305"]
[BlackElo "2205"]
[PlyCount "65"]
[EventDate "1988.??.??"]

1. d4 Nf6 2. c4 g6 3. Nc3 Bg7 4. e4 d6 5. f4 O-O 6. Nf3 c5 7. d5 e6 8. Be2 exd5
9. cxd5 Re8 10. e5 Nh5 11. O-O Bf8 12. Ng5 f6 13. Nxh7 Kxh7 14. Bxh5 dxe5 15.
Bxg6+ Kxg6 16. f5+ Kf7 17. Ne4 Bg7 18. Qh5+ Kf8 19. Rf3 Qxd5 20. Rg3 Qxe4 21.
Bh6 Bxh6 22. Qxh6+ Ke7 23. Rg7+ Kd6 24. Qxf6+ Be6 25. Rd1+ Kc6 26. fxe6 Kb5 27.
Qf7 Na6 28. e7 Nb4 29. h3 Rac8 30. Rg4 Qe3+ 31. Kh2 a5 32. Rd8 Rcxd8 33. exd8=Q
1-0

[Event "BL 8788 Zehlendorf-Bamberg"]
[Site "?"]
[Date "1988.??.??"]
[Round "?.7"]
[White "Kestler, H."]
[Black "Lieb, H."]
[Result "1-0"]
[WhiteElo "2385"]
[BlackElo "2305"]
[PlyCount "49"]
[EventDate "1988.??.??"]

1. Nf3 Nc6 2. d4 d5 3. g3 Bg4 4. Bg2 Nf6 5. O-O e6 6. c4 Be7 7. Ne5 Bh5 8. Nc3
O-O 9. cxd5 exd5 10. Qa4 Nxe5 11. dxe5 Nd7 12. Nxd5 Bxe2 13. Re1 Ba6 14. Qg4
Kh8 15. Nxe7 Qxe7 16. Bg5 Qe6 17. Qxe6 fxe6 18. Rad1 Nb6 19. b3 h6 20. Be3 Rfe8
21. Bf3 Rad8 22. Bh5 Rxd1 23. Rxd1 Re7 24. Bxb6 g6 25. Bc5 1-0

[Event "BL 8788 Bamberg-Lasker"]
[Site "?"]
[Date "1988.??.??"]
[Round "?.1"]
[White "Muse, M."]
[Black "Pfleger, H."]
[Result "0-1"]
[WhiteElo "2415"]
[BlackElo "2485"]
[PlyCount "62"]
[EventDate "1988.??.??"]

1. e4 c6 2. d4 d5 3. Nc3 dxe4 4. Nxe4 Nd7 5. Nf3 Ngf6 6. Nxf6+ Nxf6 7. Ne5 Be6
8. Be2 g6 9. O-O Bg7 10. c3 O-O 11. Nd3 a5 12. Re1 Bc4 13. Bf3 Bxd3 14. Qxd3 a4
15. Bg5 Ra5 16. Qd2 e6 17. b4 axb3 18. axb3 Qb6 19. b4 Raa8 20. h4 h5 21. Bxf6
Bxf6 22. Qf4 Kg7 23. Rxa8 Rxa8 24. Bxh5 gxh5 25. Re3 Bd8 26. Qe5+ Kf8 27. Qxh5
Qb5 28. Qh6+ Ke8 29. Kh2 Qf5 30. f4 Bc7 31. Rf3 Ke7 0-1

[Event "BL 8788 Bamberg-Lasker"]
[Site "?"]
[Date "1988.??.??"]
[Round "?.2"]
[White "Zysk, R."]
[Black "Berg, K."]
[Result "0-1"]
[WhiteElo "2400"]
[BlackElo "2350"]
[PlyCount "172"]
[EventDate "1988.??.??"]

1. d4 Nf6 2. c4 c5 3. d5 b5 4. Nf3 d6 5. cxb5 a6 6. bxa6 Bxa6 7. Nc3 g6 8. g3
Bg7 9. Bg2 Nbd7 10. O-O Nb6 11. Re1 O-O 12. Bf4 Nh5 13. Bc1 Nf6 14. Nd2 Qc7 15.
Qc2 Qb7 16. e4 Ng4 17. Nf3 Nc4 18. h3 Nge5 19. Nxe5 Bxe5 20. Rb1 Qb4 21. Bf4
Bd4 22. Bf1 Rfb8 23. Bxc4 Qxc4 24. Rbc1 Bc8 25. b3 Qxc3 26. Qxc3 Bxc3 27. Rxc3
Bxh3 28. e5 Rd8 29. exd6 exd6 30. a4 f6 31. Re7 g5 32. Bd2 Re8 33. Rce3 Rxe7
34. Rxe7 Rf8 35. Rb7 Bf5 36. f3 Bg6 37. Rb6 Rd8 38. Bc3 Kg7 39. Rb7+ Bf7 40.
Ba5 Rc8 41. Rd7 Rb8 42. Rxd6 Rxb3 43. Bd8 Rxf3 44. Kg2 Rf5 45. g4 Rf4 46. a5
Rxg4+ 47. Kf3 Rf4+ 48. Ke3 Rf5 49. a6 Re5+ 50. Kf2 Rf5+ 51. Kg3 Bxd5 52. a7 Ba8
53. Rd7+ Kg6 54. Bb6 Rf3+ 55. Kh2 Rf2+ 56. Kg1 Rg2+ 57. Kf1 Ra2 58. Bxc5 h5 59.
Rd6 h4 60. Bd4 h3 61. Rxf6+ Kh5 62. Be5 Rxa7 63. Kg1 Re7 64. Bg3 Kg4 65. Kh2
Re2+ 66. Rf2 Re3 67. Rb2 Rxg3 68. Rb4+ Be4 69. Rxe4+ Kf5 70. Ra4 Rf3 71. Rb4
Kg6 72. Ra4 Kh5 73. Rb4 g4 74. Rb8 Kh4 75. Rh8+ Kg5 76. Rg8+ Kf4 77. Rf8+ Ke3
78. Rg8 Rf2+ 79. Kg1 Rf4 80. Kh2 Kf3 81. Rg6 Rf8 82. Rg7 Kf4 83. Ra7 Re8 84.
Rf7+ Kg5 85. Rg7+ Kf5 86. Rf7+ Kg6 0-1

[Event "BL 8788 Bamberg-Lasker"]
[Site "?"]
[Date "1988.??.??"]
[Round "?.3"]
[White "Heyken, E."]
[Black "Hartmann, G."]
[Result "1-0"]
[WhiteElo "2305"]
[BlackElo "2330"]
[PlyCount "75"]
[EventDate "1988.??.??"]

1. c4 Nf6 2. Nc3 g6 3. e4 d6 4. d4 Bg7 5. Nf3 O-O 6. Be2 e5 7. O-O Nbd7 8. Qc2
h6 9. dxe5 dxe5 10. Rd1 Re8 11. Be3 c6 12. Nd2 Qe7 13. Na4 Nh7 14. c5 Ng5 15.
Nc4 Ne6 16. Nd6 Rf8 17. b4 Nd4 18. Qb2 f5 19. f3 Nf6 20. Nc3 Be6 21. Bd3 b6 22.
Ne2 bxc5 23. bxc5 Rab8 24. Qd2 Nd7 25. Qc3 Rfd8 26. Nxd4 exd4 27. Bxd4 Bxd4+
28. Qxd4 Nxc5 29. Bc4 Nb7 30. Qe5 Rxd6 31. Rxd6 Qxd6 32. Qxe6+ Kh8 33. Rb1 Qxe6
34. Bxe6 fxe4 35. fxe4 Re8 36. Bd7 Re7 37. Rxb7 Rxe4 38. Bxc6 1-0

[Event "BL 8788 Bamberg-Lasker"]
[Site "?"]
[Date "1988.??.??"]
[Round "?.4"]
[White "Meister, P."]
[Black "Paulsen, D."]
[Result "0-1"]
[WhiteElo "2370"]
[BlackElo "2340"]
[PlyCount "132"]
[EventDate "1988.??.??"]

1. d4 d5 2. c4 e6 3. Nc3 Nf6 4. Bg5 Be7 5. e3 O-O 6. Nf3 Nbd7 7. Qc2 c6 8. Rd1
a6 9. Be2 dxc4 10. Bxc4 Nd5 11. Bxe7 Qxe7 12. Nxd5 exd5 13. Bd3 Nf6 14. h3 Ne4
15. Bxe4 dxe4 16. Nd2 f5 17. O-O Be6 18. Nc4 Rad8 19. a3 Qh4 20. Ne5 Bd5 21.
Kh2 Rd6 22. f4 exf3 23. Nxf3 Qh6 24. Qd3 Re8 25. Rde1 Re4 26. Ne5 Qg5 27. Re2
h5 28. Nf3 Qg6 29. Nd2 h4 30. Kg1 Re8 31. Qxf5 Rxe3 32. Qc8+ Kh7 33. Rf8 Qg5
34. Rf5 Qe7 35. Rh5+ Rh6 36. Qf5+ Kg8 37. Qc8+ Kh7 38. Qf5+ Kh8 39. Rxh6+ gxh6
40. Rf2 Qg5 41. Qxg5 hxg5 42. Nf3 Bxf3 43. gxf3 Kg7 44. d5 cxd5 45. Rd2 Rxf3
46. Rxd5 Kf6 47. Kg2 Rg3+ 48. Kh2 Ke6 49. Rd2 Ke5 50. Rd7 Rb3 51. Rd2 Ke4 {
Abgabezug} 52. Kg2 b5 53. Re2+ Re3 54. Rc2 Kd4 55. Rd2+ Kc4 56. Rc2+ Kb3 57.
Rc6 a5 58. Rc5 Rg3+ 59. Kh2 Ka4 60. Re5 b4 61. Rd5 Rb3 62. axb4 Rxb2+ 63. Kg1
Kxb4 64. Rxg5 a4 65. Rg4+ Kb3 66. Rxh4 a3 0-1

[Event "BL 8788 Bamberg-Lasker"]
[Site "?"]
[Date "1988.??.??"]
[Round "?.5"]
[White "Schacht, H."]
[Black "Kurz, A."]
[Result "0-1"]
[WhiteElo "2310"]
[BlackElo "2305"]
[PlyCount "114"]
[EventDate "1988.??.??"]

1. d4 Nf6 2. c4 g6 3. Nc3 d5 4. Bf4 Bg7 5. e3 c6 6. Nf3 O-O 7. Qb3 Qa5 8. Rc1
Nbd7 9. a3 c5 10. cxd5 cxd4 11. Nxd4 Nb6 12. Be5 Nbxd5 13. Qb5 Qxb5 14. Bxb5
Rd8 15. Na4 Ne4 16. Bxg7 Kxg7 17. O-O e5 18. Nb3 b6 19. Bc6 Rb8 20. Rfd1 Be6
21. Nd2 Nxe3 22. fxe3 Nxd2 23. Rc3 Nb3 24. Rxd8 Rxd8 25. Bf3 Rd2 26. Rc7 Rd7
27. Rc2 Na5 28. Nc3 Bb3 29. Re2 f5 30. g3 Bd1 31. Rf2 Bxf3 32. Rxf3 e4 33. Rf2
Nc4 34. Re2 Rd2 35. Rxd2 Nxd2 36. Nb5 a5 37. Nd6 Kf6 38. Kf2 Ke6 39. Nb5 Ke5
40. Ke2 Nc4 41. b3 Nd6 42. Nd4 g5 43. Nc6+ Kd5 44. Ne7+ Ke6 45. Nc6 h5 46. Kd2
h4 47. Kc3 h3 48. a4 Kd5 49. Ne7+ Kc5 50. Ng6 b5 51. Nf8 Kd5 52. Nh7 b4+ 53.
Kd2 Nf7 54. Ke2 g4 55. Nf6+ Ke6 56. Ne8 Ng5 57. Ng7+ Ke5 0-1

[Event "BL 8788 Bamberg-Lasker"]
[Site "?"]
[Date "1988.??.??"]
[Round "?.6"]
[White "Ruehrig, V."]
[Black "Junge, R."]
[Result "0-1"]
[WhiteElo "2360"]
[BlackElo "2315"]
[PlyCount "100"]
[EventDate "1988.??.??"]

1. c4 Nf6 2. g3 c5 3. Bg2 d5 4. cxd5 Nxd5 5. Nf3 Nc6 6. O-O e5 7. b3 Be7 8. Bb2
f6 9. Nc3 Be6 10. Qb1 O-O 11. Rc1 Rc8 12. Na4 b6 13. e3 Qd7 14. Rd1 Rfd8 15.
Nc3 Ndb4 16. d3 Bf8 17. Ne4 Qf7 18. d4 cxd4 19. a3 Bxb3 20. axb4 dxe3 21. Rxd8
Rxd8 22. Qf1 exf2+ 23. Qxf2 Bxb4 24. Nh4 Nd4 25. Rc1 a5 26. Bxd4 exd4 27. Nf5
Bc5 28. Nxc5 bxc5 29. Rxc5 d3 30. Nd4 a4 31. Qe3 g6 32. Rc3 d2 33. Bf3 d1=Q+
34. Bxd1 Bxd1 35. Nc6 Re8 36. Qd2 Bb3 37. Rd3 Qe6 38. Nd4 Qe1+ 39. Qxe1 Rxe1+
40. Kf2 Rd1 41. Ke3 Rxd3+ 42. Kxd3 Kf7 43. Kc3 Bd1 44. h3 f5 45. Kd2 Bb3 46.
Kc3 Be6 47. Nc2 Kf6 48. Kd4 f4 49. g4 Kg5 50. Ke4 Bxg4 0-1

[Event "BL 8788 Erlangen-Zehlendorf"]
[Site "?"]
[Date "1988.??.??"]
[Round "?.1"]
[White "Pritchett, C."]
[Black "Unzicker, W."]
[Result "1/2-1/2"]
[WhiteElo "2385"]
[BlackElo "2465"]
[PlyCount "46"]
[EventDate "1988.??.??"]

1. e4 e5 2. Nf3 Nc6 3. Bb5 a6 4. Bxc6 dxc6 5. O-O Qd6 6. d3 f6 7. Be3 Ne7 8.
Nbd2 Be6 9. Nb3 b6 10. Qe2 Ng6 11. d4 Be7 12. Rfd1 Qb4 13. dxe5 fxe5 14. Ng5
Bxg5 15. Bxg5 O-O 16. c3 Qa4 17. Qc2 h6 18. Be3 Rad8 19. f3 Rxd1+ 20. Qxd1 c5
21. Qc1 Qb5 22. Nd2 Qd3 23. Nf1 Rd8 1/2-1/2

[Event "BL 8788 Erlangen-Zehlendorf"]
[Site "?"]
[Date "1988.??.??"]
[Round "?.2"]
[White "Huenerkopf, H."]
[Black "Wockenfuss, K."]
[Result "1/2-1/2"]
[WhiteElo "2255"]
[BlackElo "2415"]
[PlyCount "68"]
[EventDate "1988.??.??"]

1. e4 Nc6 2. Nc3 g6 3. f4 Bg7 4. Nf3 d6 5. Bc4 Na5 6. Be2 c5 7. O-O Nc6 8. Bc4
Nf6 9. d3 Bg4 10. h3 Bxf3 11. Rxf3 O-O 12. Be3 a6 13. a3 Rb8 14. Ba2 b5 15. Ne2
b4 16. axb4 Rxb4 17. Bc4 a5 18. Ra2 Qb8 19. b3 e6 20. e5 Nd5 21. Bd2 Rb7 22.
Bxd5 exd5 23. exd6 Qxd6 24. Bc3 d4 25. Bd2 f5 26. Ra4 Re8 27. Bxa5 Ra7 28. Bd2
Rxa4 29. bxa4 Ra8 30. Qa1 Qe6 31. Nc1 Nb4 32. Bxb4 cxb4 33. Nb3 Qc6 34. Qa2
Qxa4 1/2-1/2

[Event "BL 8788 Erlangen-Zehlendorf"]
[Site "?"]
[Date "1988.??.??"]
[Round "?.4"]
[White "Ramos, D."]
[Black "Vogel, R."]
[Result "1-0"]
[WhiteElo "2310"]
[BlackElo "2385"]
[PlyCount "77"]
[EventDate "1988.??.??"]

1. d4 Nf6 2. Nf3 g6 3. Bg5 Bg7 4. e3 d6 5. Bd3 O-O 6. O-O h6 7. Bh4 Nbd7 8. c4
g5 9. Bg3 e6 10. Nfd2 Qe7 11. Nc3 e5 12. Bf5 Nb6 13. Qc2 Nh5 14. Rfe1 Nxg3 15.
hxg3 Be6 16. d5 Bd7 17. g4 c6 18. e4 Rfc8 19. Qd3 Rc7 20. Rad1 Bf8 21. Re3 Be8
22. Rh3 a5 23. Nf1 cxd5 24. Nxd5 Nxd5 25. exd5 Rc5 26. Qe2 b5 27. b3 a4 28. Bd3
axb3 29. axb3 bxc4 30. bxc4 Bd7 31. Qe4 Bg7 32. Qh7+ Kf8 33. Ne3 e4 34. Bxe4
Qe5 35. Rf3 Rca5 36. Bb1 Ra1 37. Nf5 Bxf5 38. Qxf5 Rb8 39. Qxf7# 1-0

[Event "BL 8788 Kreuzberg-Bochum"]
[Site "?"]
[Date "1988.??.??"]
[Round "?.1"]
[White "Keitlinghaus, L."]
[Black "Lehmann, K."]
[Result "1/2-1/2"]
[WhiteElo "2400"]
[BlackElo "2315"]
[PlyCount "75"]
[EventDate "1988.??.??"]

1. e4 c6 2. d3 d5 3. Nd2 Qc7 4. Ngf3 Bg4 5. h3 Bxf3 6. Nxf3 Nd7 7. exd5 cxd5 8.
d4 Ngf6 9. Bd3 e6 10. O-O Bd6 11. b3 O-O 12. Bb2 e5 13. dxe5 Nxe5 14. Re1 Rfe8
15. Bb5 Re7 16. Nd4 Bc5 17. Nf5 Re6 18. Nd4 Re7 19. Nf5 Re6 20. Bd4 a6 21. Bxc5
Qxc5 22. Qd4 Qc7 23. Bd3 Rae8 24. Re3 Nxd3 25. cxd3 Rxe3 26. Nxe3 Qc6 27. g3
Rc8 28. Re1 Qc5 29. Qxc5 Rxc5 30. d4 Rc8 31. Kg2 g6 32. g4 h6 33. h4 Kf8 34. g5
hxg5 35. hxg5 Nh5 36. Kf3 Rc3 37. Rh1 Ke7 38. Rd1 1/2-1/2

[Event "BL 8788 Kreuzberg-Bochum"]
[Site "?"]
[Date "1988.??.??"]
[Round "?.2"]
[White "Levitt, J."]
[Black "Thesing, M."]
[Result "1-0"]
[WhiteElo "2455"]
[BlackElo "2355"]
[PlyCount "51"]
[EventDate "1988.??.??"]

1. d4 d5 2. c4 e6 3. Nc3 c6 4. Nf3 Nf6 5. Bg5 dxc4 6. e4 b5 7. e5 h6 8. Bh4 g5
9. Nxg5 hxg5 10. Bxg5 Nbd7 11. exf6 Bb7 12. g3 Bh6 13. Bxh6 Rxh6 14. Bg2 Nxf6
15. Nxb5 Qa5+ 16. Nc3 O-O-O 17. Qe2 Qb6 18. O-O-O Rxd4 19. Rxd4 Qxd4 20. Rd1
Qb6 21. h4 Nd5 22. Qxc4 Qxf2 23. Bxd5 exd5 24. Nxd5 Re6 25. Qf4 Qc5+ 26. Kb1
1-0

[Event "BL 8788 Kreuzberg-Bochum"]
[Site "?"]
[Date "1988.??.??"]
[Round "?.3"]
[White "Graf, J."]
[Black "Conquest, S."]
[Result "1/2-1/2"]
[WhiteElo "2405"]
[BlackElo "2395"]
[PlyCount "70"]
[EventDate "1988.??.??"]

1. d4 Nf6 2. c4 c5 3. d5 b5 4. Nf3 g6 5. Qc2 bxc4 6. e4 Bg7 7. Bxc4 d6 8. O-O
O-O 9. Re1 Nbd7 10. h3 Nb6 11. Bf1 e6 12. dxe6 Bxe6 13. Bg5 h6 14. Bh4 Qd7 15.
Nc3 Nh5 16. Rad1 g5 17. Bg3 Nxg3 18. fxg3 Rfd8 19. g4 Qb7 20. Nb5 Qe7 21. b3 a6
22. Na3 Nd7 23. Nc4 Nf8 24. e5 dxe5 25. Ncxe5 Rxd1 26. Qxd1 Qc7 27. Qc2 a5 28.
Bc4 Rd8 29. Qe4 Rd6 30. Qa8 Bf6 31. Rf1 Rd8 32. Qe4 Re8 33. Bb5 Rb8 34. Bc4 Kg7
35. Nd3 Re8 1/2-1/2

[Event "BL 8788 Kreuzberg-Bochum"]
[Site "?"]
[Date "1988.??.??"]
[Round "?.5"]
[White "Beckemeyer, W."]
[Black "Grzesik, F."]
[Result "1-0"]
[WhiteElo "2335"]
[BlackElo "2255"]
[PlyCount "48"]
[EventDate "1988.??.??"]

1. e4 Nf6 2. e5 Nd5 3. Nc3 Nxc3 4. bxc3 d6 5. f4 g6 6. Nf3 Bg7 7. Be2 O-O 8.
O-O c5 9. d4 dxe5 10. fxe5 Qa5 11. Bd2 Nc6 12. e6 fxe6 13. Ng5 Rxf1+ 14. Qxf1
Bf6 15. Ne4 cxd4 16. Nxf6+ exf6 17. Qxf6 Qf5 18. Qh4 dxc3 19. Bh6 Qe5 20. Rd1
Bd7 21. Qf2 Qc7 22. Rf1 Qb6 23. Be3 Qd8 24. Qf7+ Kh8 1-0

[Event "BL 8788 Kreuzberg-Bochum"]
[Site "?"]
[Date "1988.??.??"]
[Round "?.6"]
[White "Grzesik, T."]
[Black "Backwinkel, P."]
[Result "1-0"]
[WhiteElo "2300"]
[BlackElo "2310"]
[PlyCount "131"]
[EventDate "1988.??.??"]

1. e4 c5 2. Nf3 e6 3. d3 Nc6 4. g3 d5 5. Nbd2 Nf6 6. Bg2 b6 7. O-O Bb7 8. Re1
Be7 9. e5 Nd7 10. h4 Qc7 11. Qe2 h6 12. Nf1 O-O-O 13. c3 Rdg8 14. N1h2 g5 15.
hxg5 hxg5 16. Ng4 Rh5 17. a3 Rgh8 18. d4 Qd8 19. b4 Qg8 20. Qd3 c4 21. Qc2 Nf8
22. a4 Ng6 23. Ba3 Bd8 24. b5 Na5 25. Bd6 Kd7 26. Bb4 Nb3 27. Ra2 Kc8 28. Kf1
Qg7 29. Nd2 Nxd2+ 30. Qxd2 Nf8 31. a5 Nd7 32. axb6 Bxb6 33. Rea1 Qg6 34. Ba5
Kc7 35. Bxb6+ axb6 36. Ra7 Rb8 37. Qb2 Qg7 38. Ne3 Rhh8 39. Qa3 Qf8 40. Qa6 Qc8
41. Qa3 Qf8 42. Qa4 Qc8 43. Nc2 Ra8 44. Qb4 Qf8 45. Qxc4+ Kb8 46. Rxa8+ Bxa8
47. Rxa8+ Kxa8 48. Qc6+ Kb8 49. Qxd7 Qc8 50. Qc6 Qxc6 51. bxc6 Kc7 52. Nb4 b5
53. Ke2 Kb6 54. Bf3 Rh6 55. Ke3 Rh8 56. Bg4 Rh1 57. Be2 Rh8 58. f4 gxf4+ 59.
gxf4 Rh1 60. f5 Rc1 61. Kd2 Rh1 62. fxe6 fxe6 63. Bg4 Rh6 64. Ke3 Kc7 65. Kf4
Rg6 66. Bf5 1-0

[Event "BL 8788 HSV-Solingen"]
[Site "?"]
[Date "1988.??.??"]
[Round "?.2"]
[White "Schussler, H."]
[Black "Lau, R."]
[Result "1/2-1/2"]
[WhiteElo "2490"]
[BlackElo "2555"]
[PlyCount "97"]
[EventDate "1988.??.??"]

1. d4 Nf6 2. Nf3 g6 3. Bg5 Bg7 4. Nbd2 d5 5. e3 Nbd7 6. b4 O-O 7. Be2 Re8 8.
O-O e5 9. c3 c6 10. Qb3 h6 11. Bh4 e4 12. Ne1 Nf8 13. Nc2 g5 14. Bg3 Ng6 15. b5
cxb5 16. Bxb5 Re6 17. Be2 h5 18. f3 h4 19. Be1 exf3 20. Nxf3 Rb6 21. Qa3 Bf5
22. Qc1 Qe7 23. Nxg5 Bxc2 24. Qxc2 Qxe3+ 25. Rf2 Rc8 26. Bd2 Qxd4 27. Qf5 Rxc3
28. Bxc3 Qxc3 29. Rd1 Ne5 30. Bh5 Nxh5 31. Qh7+ Kf8 32. Qxh5 Rh6 33. Rxf7+ Kg8
34. Qe2 Bf6 35. Rxf6 Rxf6 36. Qh5 Qe3+ 37. Kh1 Nd3 38. Nh3 Nf2+ 39. Nxf2 Qxf2
40. Qxd5+ Rf7 41. h3 Kg7 42. Qg5+ Kh7 43. Qh5+ Kg7 44. Qg4+ Kh7 45. Rd4 Qe1+
46. Kh2 Qe5+ 47. Kg1 Qe1+ 48. Kh2 Qe5+ 49. Kg1 1/2-1/2

[Event "BL 8788 HSV-Solingen"]
[Site "?"]
[Date "1988.??.??"]
[Round "?.3"]
[White "Lobron, E."]
[Black "Wahls, M."]
[Result "1/2-1/2"]
[WhiteElo "2530"]
[BlackElo "2435"]
[PlyCount "83"]
[EventDate "1988.??.??"]

1. Nf3 Nf6 2. c4 c5 3. g3 b6 4. Bg2 Bb7 5. O-O e6 6. Nc3 d6 7. b3 a6 8. Bb2 Be7
9. e3 O-O 10. Qe2 Qc7 11. Rfd1 Nbd7 12. Rac1 Rfe8 13. h3 Rad8 14. Rc2 Qb8 15.
d4 Ne4 16. d5 Nxc3 17. Bxc3 exd5 18. cxd5 b5 19. Nh4 Bf6 20. e4 Qc7 21. Nf5
Bxc3 22. Rxc3 Nf6 23. Re3 Kf8 24. g4 Bc8 25. Nxd6 Qxd6 26. e5 Qb6 27. exf6 Qxf6
28. Rxe8+ Rxe8 29. Qc2 Kg8 30. Qxc5 h5 31. Qc6 Qxc6 32. dxc6 hxg4 33. hxg4 Bxg4
34. Rd4 Be6 35. Rb4 Kf8 36. a4 Rb8 37. axb5 Rxb5 38. Rxb5 axb5 39. b4 Ke7 40.
Bf1 Kd6 41. Bxb5 Bd5 42. c7 1/2-1/2

[Event "BL 8788 HSV-Solingen"]
[Site "?"]
[Date "1988.??.??"]
[Round "?.4"]
[White "Stein, B."]
[Black "Ostermeyer, P."]
[Result "1/2-1/2"]
[WhiteElo "2360"]
[BlackElo "2450"]
[PlyCount "51"]
[EventDate "1988.??.??"]

1. e4 c5 2. c3 d5 3. exd5 Qxd5 4. d4 e6 5. Nf3 Nf6 6. Be2 Be7 7. O-O Nc6 8. c4
Qd8 9. dxc5 Qxd1 10. Rxd1 Bxc5 11. Nc3 O-O 12. a3 b6 13. b4 Be7 14. Bf4 Bb7 15.
Rd2 Rfd8 16. Rad1 Rxd2 17. Rxd2 Rd8 18. Rxd8+ Nxd8 19. Ne5 Nc6 20. Nxc6 Bxc6
21. Bb8 a6 22. Bc7 Nd7 23. Bd3 f5 24. b5 Bb7 25. Na4 Nc5 26. Nxc5 1/2-1/2

[Event "BL 8788 HSV-Solingen"]
[Site "?"]
[Date "1988.??.??"]
[Round "?.5"]
[White "Schulte, O."]
[Black "Wegner, H."]
[Result "0-1"]
[WhiteElo "2425"]
[BlackElo "2370"]
[PlyCount "86"]
[EventDate "1988.??.??"]

1. d4 Nf6 2. c4 c5 3. e3 g6 4. Nf3 Bg7 5. Nc3 O-O 6. Be2 cxd4 7. Nxd4 Nc6 8.
O-O b6 9. b3 Bb7 10. Nc2 Qb8 11. Ba3 Rd8 12. Rc1 d6 13. Qd2 e6 14. e4 Rd7 15.
Rcd1 Qd8 16. f4 a6 17. Kh1 Rb8 18. Qe3 Ba8 19. Rd2 d5 20. exd5 exd5 21. Rfd1
Ne7 22. Qh3 Nf5 23. Nxd5 Bxd5 24. cxd5 Ne4 25. Qf3 Nxd2 26. Rxd2 Rc8 27. Qd3 b5
28. Bf3 Rc3 29. Qe2 h5 30. Rd1 a5 31. Be4 Nd6 32. Bxd6 Rxd6 33. Qxb5 f5 34. Bd3
Kh7 35. Ne3 Bd4 36. Nc4 Rxd5 37. Qa6 Bg7 38. Nb2 Rc7 39. Na4 Rxd3 40. Rf1 Rd1
41. h3 Rxf1+ 42. Qxf1 Qd2 43. Nb6 Rc1 0-1

[Event "BL 8788 HSV-Solingen"]
[Site "?"]
[Date "1988.??.??"]
[Round "?.6"]
[White "Reefschlaeger, H."]
[Black "Brunner, L."]
[Result "1-0"]
[WhiteElo "2340"]
[BlackElo "2440"]
[PlyCount "79"]
[EventDate "1988.??.??"]

1. e4 c5 2. f4 d5 3. Nc3 dxe4 4. Nxe4 Nd7 5. Nf3 Ngf6 6. d3 g6 7. g3 b6 8. Qe2
Qc7 9. Bg2 Bb7 10. O-O Bg7 11. f5 Nxe4 12. dxe4 Ne5 13. Bf4 O-O-O 14. Kh1 h6
15. fxg6 fxg6 16. Nxe5 Bxe5 17. Qg4+ Kb8 18. Qxg6 Bxf4 19. Rxf4 Qe5 20. c3 Rd2
21. Rb1 Rhd8 22. Qg4 h5 23. Qf3 R8d3 24. Qf1 Qd6 25. Re1 Rxb2 26. Rh4 Rdd2 27.
Qf8+ Kc7 28. Bf3 Rf2 29. Kg1 Rxh2 30. Rf4 c4 31. Rd1 Rhd2 32. Rxd2 Rxd2 33. Bg2
Bc6 34. Kh2 Rxa2 35. Rf7 Kd7 36. Kg1 Ra1+ 37. Kh2 Ra2 38. Kg1 Qe5 39. Rxe7+
Qxe7 40. Bh3+ 1-0

[Event "BL 8788 HSV-Solingen"]
[Site "?"]
[Date "1988.??.??"]
[Round "?.8"]
[White "Michaelsen, N."]
[Black "Schneider, B1."]
[Result "1-0"]
[WhiteElo "2205"]
[BlackElo "2335"]
[PlyCount "101"]
[EventDate "1988.??.??"]

1. d4 g6 2. c4 Bg7 3. Nc3 d6 4. e4 e5 5. dxe5 dxe5 6. Qxd8+ Kxd8 7. Bg5+ f6 8.
O-O-O+ Nd7 9. Be3 Bh6 10. Be2 Bxe3+ 11. fxe3 c6 12. Nh3 Ke7 13. Nf2 Nh6 14. h4
Nc5 15. h5 Be6 16. b4 Nd7 17. Kb2 a5 18. b5 Nf7 19. Nd5+ cxd5 20. exd5 Nc5 21.
dxe6 Nd6 22. Ng4 Nde4 23. Bf3 Kxe6 24. Rd5 Rad8 25. hxg6 hxg6 26. Rxh8 Rxh8 27.
b6 Ra8 28. Kc2 Ra6 29. Nf2 Nxf2 30. Rxc5 e4 31. Be2 Nh1 32. Rb5 Ng3 33. Kd2 a4
34. Bd1 Kd6 35. Kc3 Kc6 36. Kb4 Rxb6 37. Bxa4 Nf1 38. c5 Ra6 39. Rb6+ Kd5 40.
Rxb7 Nxe3 41. c6 Kd4 42. Rd7+ Nd5+ 43. Rxd5+ Kxd5 44. c7 Ra8 45. Bd7 e3 46. Kc3
Ra3+ 47. Kb2 Ra8 48. Kc1 e2 49. Kd2 Rxa2+ 50. Ke1 Rc2 51. c8=Q 1-0

[Event "BL 8788 Bochum-HSV"]
[Site "?"]
[Date "1988.??.??"]
[Round "?.2"]
[White "Thesing, M."]
[Black "Schussler, H."]
[Result "0-1"]
[WhiteElo "2355"]
[BlackElo "2490"]
[PlyCount "144"]
[EventDate "1988.??.??"]

1. e4 e6 2. d4 d5 3. exd5 exd5 4. c4 Nf6 5. Nc3 Be7 6. Nf3 O-O 7. cxd5 Nxd5 8.
Bd3 Nc6 9. O-O Be6 10. a3 Bf6 11. Qc2 h6 12. Be3 Nce7 13. Rae1 c6 14. Bc1 Nxc3
15. bxc3 c5 16. dxc5 Bd5 17. Ne5 Qc8 18. h3 Be6 19. Ng4 Bxg4 20. hxg4 Qxc5 21.
Be4 Nc6 22. Be3 Qxa3 23. Rb1 Qe7 24. Rb5 Rfe8 25. Bd5 Rac8 26. Rc5 Bg5 27. Qf5
Bxe3 28. fxe3 Rc7 29. Rc4 Qxe3+ 30. Kh1 Rf8 31. Rcf4 Qe5 32. Qd3 Nd8 33. c4 Ne6
34. Rf5 Qd6 35. Re1 Re7 36. Qe3 b6 37. g5 hxg5 38. Rxg5 Nxg5 39. Qxe7 Qxe7 40.
Rxe7 Rd8 41. Rxa7 Rd6 42. Kg1 Rf6 43. Rc7 g6 44. c5 bxc5 45. Rxc5 Rf5 46. Rc8+
Kg7 47. Ba8 Ra5 48. Bf3 Ra3 49. Kf2 Rd3 50. Rc7 Ne6 51. Ra7 Kf6 52. Be2 Rd2 53.
Ke3 Rc2 54. Bf3 Rc5 55. Rd7 Rc2 56. Ra7 Rc3+ 57. Kd2 Rc5 58. Rd7 Re5 59. Bd5
Ng5 60. Kd3 Re8 61. Bc4 Re1 62. Kd2 Re4 63. Bd5 Re5 64. Kd3 Ne6 65. Kd2 Kg5 66.
Bf3 f6 67. Rd5 Kf4 68. Rxe5 fxe5 69. Ke2 Nd4+ 70. Kf2 Nxf3 71. gxf3 g5 72. Kg2
g4 0-1

[Event "BL 8788 Bochum-HSV"]
[Site "?"]
[Date "1988.??.??"]
[Round "?.3"]
[White "Wahls, M."]
[Black "Graf, J."]
[Result "1-0"]
[WhiteElo "2435"]
[BlackElo "2405"]
[PlyCount "97"]
[EventDate "1988.??.??"]

1. e4 c6 2. d4 d5 3. exd5 cxd5 4. c4 Nf6 5. Nc3 g6 6. Qb3 Bg7 7. cxd5 O-O 8.
Be2 Nbd7 9. Bg5 Nb6 10. Bf3 a5 11. Nge2 a4 12. Qb5 Bd7 13. Qb4 Bf5 14. d6 exd6
15. Bxb7 Rb8 16. Bf3 Bd3 17. O-O Re8 18. Rfe1 h6 19. Bf4 Nc4 20. Qxa4 Nxb2 21.
Qa3 g5 22. Bg3 Nc4 23. Qc1 Rc8 24. Qd1 Bf5 25. a4 Qa5 26. Nb5 Ne4 27. Bxe4 Bxe4
28. Nec3 Bc6 29. Rxe8+ Rxe8 30. h4 Qd8 31. hxg5 Qxg5 32. Qd3 Nb2 33. Qc2 Nxa4
34. Qxa4 Ra8 35. Qxa8+ Bxa8 36. Rxa8+ Kh7 37. Ra1 d5 38. Rd1 Qg4 39. Be5 f6 40.
Bd6 f5 41. f3 Qg6 42. Nxd5 Qe6 43. Ndc3 Qe3+ 44. Kf1 h5 45. Bg3 Qh6 46. d5 Qa6
47. Kg1 Qc8 48. d6 Bxc3 49. Nxc3 1-0